Movies by Minor Characters Quiz Stats

 Plays Quiz Updated May 24, 2016

Score 0/25 Timer 10:00
1 Play Today
% Correct
Mad Max: Fury Road
86.1%
Ghostbusters
78.4%
Star Wars: Episode VI - Return of the Jedi
76.4%
The Hunger Games: Catching Fire
76.2%
Harry Potter and the Goblet of Fire
75.6%
The Lord of the Rings: The Return of the King
73.7%
Titanic
73.4%
Ferris Bueller's Day Off
71.6%
Anchorman: The Legend of Ron Burgundy
70.3%
Elf
62%
Rango
60.7%
Back to the Future
60%
Raiders of the Lost Ark
59.8%
% Correct
The Nightmare Before Christmas
58.9%
The Grand Budapest Hotel
58.1%
Django Unchained
57.3%
Guardians of the Galaxy
55.3%
Superbad
52.2%
The 40-Year-Old Virgin
48.7%
This Is the End
42.2%
The Dark Knight
41.2%
Inception
32%
Hot Fuzz
29.1%
Avengers: Age of Ultron
26.2%
Psycho
13.5%

You're not logged in!

Compare scores with friends on all Sporcle quizzes.
Join for Free
OR
Log In

You Might Also Like...

Show Comments

Extras

Top Quizzes Today


Score Distribution

Your Account Isn't Verified!

In order to create a playlist on Sporcle, you need to verify the email address you used during registration. Go to your Sporcle Settings to finish the process.

Report this User

Report this user for behavior that violates our Community Guidelines.

Details: